000 00626nam a2200205Ia 4500
001 13770
003 GE_BSU
008 181216s||||||||xx |||||||||||||| ||und||
020 _a0751337048
040 _cGE_BSU
080 _a614.8
245 _aFirst Aid Manual.
245 4 _bThe Authorised Manual of St. John Ambulance, St. Andrew's Ambulance Association,and the British Red Cross.
260 _aLondon.
260 _c2002
300 _a288p;21cm.
300 _bill.
653 _aFirst Aid Manual.The Authorised Manual of St. John Ambulance, St. Andrew's Ambulance Association,and the British Red Cross.
942 _cBK
999 _c46917
_d46917